书目信息 |
| 题名: |
向日葵优质高产栽培法
|
|
| 作者: | 梁一刚 , 文张生 编著 | |
| 分册: | ||
| 出版信息: | 北京 金盾出版社 1992.11 |
|
| 页数: | 152页 | |
| 开本: | 19cm | |
| 丛书名: | ||
| 单 册: | ||
| 中图分类: | S565.5 | |
| 科图分类: | ||
| 主题词: | 经济作物 | |
| 电子资源: | ||
| ISBN: | 7-80022-545-3 | |
| 000 | 00634nam0 2200205 450 | |
| 001 | 0733502519 | |
| 005 | 20071212092107.02 | |
| 010 | @a7-80022-545-3@dCNY2.10 | |
| 100 | @a20071212d1992 km y0chiy0120 ea | |
| 101 | 0 | @achi |
| 102 | @aCN@b110000 | |
| 200 | 1 | @a向日葵优质高产栽培法@Axiang ri kui you zhi gao chan zai pei fa@f梁一刚,文张生编著@Fliang yi gang,wen zhang sheng bian zhu |
| 210 | @a北京@c金盾出版社@d1992.11 | |
| 215 | @a152页@d19cm | |
| 606 | 0 | @a经济作物 |
| 690 | @aS565.5@v4 | |
| 701 | 0 | @a梁一刚@Aliang yi gang@4编著 |
| 701 | 0 | @a文张生@Awen zhang sheng@4编著 |
| 801 | 0 | @aCN@bPFT@c20071212 |
| 905 | @aBZT@dS565.5@e174 | |
| 向日葵优质高产栽培法/梁一刚,文张生编著.-北京:金盾出版社,1992.11 |
| 152页;19cm |
| ISBN 7-80022-545-3:CNY2.10 |
| ● |
| 相关链接 |
|
|
|
正题名:向日葵优质高产栽培法
索取号:S565.5/174
 
预约/预借
| 序号 | 登录号 | 条形码 | 馆藏地/架位号 | 状态 | 备注 |
| 1 | 104933 | 200830459 | 中心书库中库/ 中库033架A面7列2层45/ [索取号:S565.5/174] | 在馆 | |
| 2 | 104934 | 220000058 | 中心书库中库/ 中库033架A面7列2层49/ [索取号:S565.5/174] | 在馆 | |
| 3 | 104935 | 200830477 | 中心书库中库/ 中库033架A面7列2层44/ [索取号:S565.5/174] | 在馆 | |
| 4 | 104936 | 220000059 | 中心书库中库/ 中库033架A面7列2层48/ [索取号:S565.5/174] | 在馆 | |
| 5 | 104937 | 220000056 | 中心书库中库/ 中库033架A面7列2层52/ [索取号:S565.5/174] | 在馆 | |
| 6 | 104938 | 220000055 | 中心书库中库/ 中库033架A面7列2层46/ [索取号:S565.5/174] | 在馆 | |
| 7 | 104939 | 220000054 | 中心书库中库/ 中库033架A面7列2层51/ [索取号:S565.5/174] | 在馆 | |
| 8 | 104940 | 220000053 | 中心书库中库/ 中库033架A面7列2层50/ [索取号:S565.5/174] | 在馆 |